书目信息 |
| 题名: |
世界摄影大师人像人体摄影经典500幅鉴赏
|
|
| 作者: | 紫都等 编著 | |
| 分册: | 下 | |
| 出版信息: | 呼和浩特 远方出版社 2005 |
|
| 页数: | 242-493页 | |
| 开本: | 20cm | |
| 丛书名: | 世界绘画摄影大师画传 | |
| 单 册: | ||
| 中图分类: | J433 | |
| 科图分类: | ||
| 主题词: | 人物摄影--世界 , 人物摄影 | |
| 电子资源: | ||
| ISBN: | 7-80723-012-6 | |
| 000 | 00774oam2 2200241 450 | |
| 001 | 0123456214573 | |
| 005 | 20070730111536.95 | |
| 010 | @a7-80723-012-6@dCNY25.00 | |
| 100 | @a20050707d2005 em y0chiy0110 ea | |
| 101 | 0 | @achi |
| 102 | @aCN@b150000 | |
| 105 | @aa z 000yy | |
| 200 | 1 | @a世界摄影大师人像人体摄影经典500幅鉴赏@AShi Jie She Ying Da Shi Ren Xiang Ren Ti She Ying Jing Dian 500 Fu Jian Shang@h下@f紫都等编著@FZi Dou Deng Bian Zhu |
| 210 | @a呼和浩特@c远方出版社@d2005 | |
| 215 | @a242-493页@c图@d20cm | |
| 225 | 2 | @a世界绘画摄影大师画传 |
| 461 | 0 | @12001 @a世界绘画摄影大师画传 |
| 606 | 0 | @a人物摄影@y世界 |
| 606 | 0 | @a人物摄影 |
| 690 | @aJ433@v4 | |
| 701 | 0 | @a紫都等@AZi Dou Deng@4编著 |
| 801 | 0 | @aCN@bWHC@c20070730 |
| 905 | @a10447@dJ433@e213:2 | |
| 世界摄影大师人像人体摄影经典500幅鉴赏.下/紫都等编著.-呼和浩特:远方出版社,2005 |
| 242-493页:图;20cm.-(世界绘画摄影大师画传) |
| ISBN 7-80723-012-6:CNY25.00 |
| ● |
| 相关链接 |
|
|
|
|
正题名:世界摄影大师人像人体摄影经典500幅鉴赏
索取号:J433/213:2
 
预约/预借
| 序号 | 登录号 | 条形码 | 馆藏地/架位号 | 状态 | 备注 |
| 1 | 0789155 | 207891557 | 第一样本阅览室/ [索取号:J433/213:2] | 在馆 | |
| 2 | 0789156 | 207891566 | 第一借阅区/ [索取号:J433/213:2] | 在馆 | |
| 3 | 0789157 | 207891575 | 第一借阅区/ [索取号:J433/213:2] | 在馆 | |
| 4 | 0789158 | 207891584 | 第一借阅区/ [索取号:J433/213:2] | 在馆 | |
| 5 | 0789159 | 207891593 | 第一借阅区/ [索取号:J433/213:2] | 在馆 |